MARC

LEADER 00000nam0a2200000 4500
001 676569
005 20241113124810.0
090 |a 676569 
100 |a 20241113d1979 km|y0rusy50 ca 
101 0 |a rus 
102 |a RU 
105 |a a z 001yy 
181 0 |a i   |b  e  
182 0 |a n 
183 0 |a nc  |2 RDAcarrier 
200 1 |a Машины непрерывного транспортирования для прокатных станов  |f В. С. Глазнов 
203 |a Текст  |b визуальный  |c непосредственный 
210 |a Москва  |c Металлургия  |d 1979 
215 |a 248 с.  |c ил. 
283 |a volume  |2 RDAcarrier 
320 |a Библиографический список: с. 245-247 
606 1 |a Прокатные станы  |x Транспортные устройства  |9 70594 
610 1 |a прокатные цехи 
610 1 |a машины непрерывного транспортирования 
610 1 |a горячие рулоны 
610 1 |a холодные рулоны 
610 1 |a конвнйеры 
610 1 |a пластинчатые конвейеры 
610 1 |a скребковые конвейеры 
610 1 |a подвесные крюковые конвейеры 
610 1 |a транспортеры 
610 1 |a шлепперы 
610 1 |a рольганги 
675 |a 621.771.06  |v 4 
700 |a Глазнов  |b В. С.  |g Владимир Сергеевич 
801 0 |a RU  |b 63413507  |c 20241113 
830 |a Ретро2024Каталогизация Шило 
850 |a 63413507 
942 |c BK